000 00623nam a22002177a 4500
003 UA-OsUOA
001 78453
007 ta
008 20111013b un ||||| |||| 00| 0 ukr d
100 _aНежива Л.
090 _a82
_bН43
942 _cSA
040 _aUA-OsUOA
_bukr
_cUA-OsUOA
_dUA-OsUOA
245 _aСвітоглядна сила та естетична краса українського літературного бароко
300 _aС.32-40
955 _a0
041 _aukr
080 _a82
773 0 _w78452
650 7 _a82 Література. Літературознавство
_2UDC
999 _c364764
_d364764